| 000 | 00984nam a2200229Ia 4500 | ||
|---|---|---|---|
| 001 | L922-42616 | ||
| 003 | IT-CnALBA | ||
| 008 | 170116s9999||||xx |||||||||||||| ||und|| | ||
| 040 |
_aIT-CnALBA _cIT-CnALBA |
||
| 041 | _aITALIANO | ||
| 100 | _aNATILI LAURA | ||
| 245 | 0 | _aDIZIONARIO BIOGRAFICO ITALIANI. 14. BRANCHI-BUFFETTI. | |
| 250 | _a1a ed. | ||
| 260 |
_aROMA _bTRECCANI IST. ENCICLOPEDIA ITAL. _c1972 [1° Ed.:1972 - Ed.Ling.Originale: 1972] |
||
| 300 | _a814 p. (prefazione: 15) | ||
| 500 | _aVOCI COMPRESE TRA BRANCHI E BUFFETTI. NENEU B. ONDER L. ORIOLI G. OTTANI A. PAGANO M. G. PALAGIANO C. PAMPALONE A. PANNELLA L. | ||
| 501 | _aSocietà San Paolo EM - Piazza San Paolo, 14 - 12051 ALBA (CN) (non commercial uses only) ® Copyright 2017 | ||
| 520 | _aVOCI COMPRESE TRA BRANCHI E BUFFETTI. NENEU B. ONDER L. ORIOLI G. OTTANI A. PAGANO M. G. PALAGIANO C. PAMPALONE A. PANNELLA L. | ||
| 650 | _aBIOGRAFIE, UOMINI ILLUSTRI | ||
| 942 | _cBK | ||
| 957 | _71 | ||
| 999 |
_a48010 _bSI _g Copie: 1 _c301585 _d301585 |
||